L'invasione degli ultragay : una storia politicamente scorretta /

Uloženo v:
Podrobná bibliografie
Hlavní autor: Farina, Corrado, (1939-2016) (Autor)
Médium: Kniha
Jazyk:italština
Vydáno: Milano : zero91, 2008
Tagy: Přidat tag
Žádné tagy, Buďte první, kdo vytvoří štítek k tomuto záznamu!

MARC

LEADER 00000nam a22000007i 4500
001 IT\ICCU\MIL\0750331
003 ItRI
005 20241224121601.0
008 080730s2008 it |||||| ||||| |||||c
020 |a 9788895381060 
040 |b ita  |c ARCIGAY RIMINI 
041 7 |a ita  |2 ISO-639-2 
100 1 |a Farina, Corrado,  |d  (1939-2016)  |0 IT\ICCU\CFIV\207335  |4 aut 
245 1 2 |a L'invasione degli ultragay :  |b una storia politicamente scorretta /  |c Corrado Farina. 
260 |a Milano :  |b zero91,  |c 2008 
300 |a 286 p. ;  |c 21 cm. 
942 |2 ddc  |c BK 
952 |0 0  |1 0  |2 ddc  |4 0  |6 853_087000000000000_FAR_INV  |7 1  |9 2351  |a RN  |b RN  |d 2024-12-24  |l 0  |o 853.087 FAR INV  |p 9804  |r 2024-12-24 12:18:44  |w 2024-12-24  |y BK 
981 1 |6 z01  |a i   |b xxxe  
982 1 |6 z01  |a n 
999 |c 2055  |d 2055